Warga rimba : Melipriapapa M.H
| Main Author: | |
|---|---|
| Format: | Book |
| Published: |
Kuala Lumpur :
DBP ,
1993
|
| Series: | Novel remaja
|
| Subjects: |
MARC
| LEADER | 00000cam a2200000 7i4500 | ||
|---|---|---|---|
| 001 | 0000007319 | ||
| 002 | 000007872 | ||
| 005 | 20011210.0 | ||
| 020 | |a 9836231331 | ||
| 090 | 0 | 0 | |a F |b MEL |
| 100 | 0 | |a Melipriapapa M.H | |
| 245 | 0 | 0 | |a Warga rimba : |b Melipriapapa M.H |
| 260 | |a Kuala Lumpur : |b DBP , |c 1993 | ||
| 300 | |a 103p. ; |c 18cm. | ||
| 490 | 0 | |a Novel remaja | |
| 650 | 0 | 0 | |a Malay fiction |
| 999 | |a 055297 |b BUKU |c FICTION |e PERPUSTAKAAN KOMUNITI CAW KOTA DAMANSARA | ||